000 00504nam a2200181Ia 4500
003 GCL
008 140319s9999 xx 000 0 ara d
040 _aGCL /
_cGCL
082 0 4 _a923.244
_bسن
100 1 _aسمير شيخانى
245 1 0 _aنابليون الاسطورة رجل الحب والحرب /
_cسمير شيخانى
260 _a[S.N] :
_bدار الجيل
300 _a233 ص
490 _a
650 0 4 _aفرنسا
650 0 4 _aنابليون بونابرت
942 _2ddc
_cBK
999 _c53682
_d53682